| 000 | 00986nam a22002537a 4500 | ||
|---|---|---|---|
| 005 | 20100519153427.0 | ||
| 008 | 100519t xxu||||| |||| 00| 0 eng d | ||
| 010 | _aENG-96108 | ||
| 020 |
_a9780070144460 _c495.00 |
||
| 020 |
_a007014446-X _c495.00 |
||
| 035 | _aEN-79641 | ||
| 037 | _bDBAD / PUB | ||
| 040 |
_aDPL _bEng |
||
| 082 | _a658.7870285 | ||
| 100 |
_aShukla, Mukesh _920285 |
||
| 245 |
_aSAP materials management : _cby Mukesh Shukla _bmanaging sourcing, procurement and inventory with SAP / |
||
| 260 |
_aNew Delhi _bTata McGrow Hill Education _c2010 |
||
| 270 |
_a7 West Patel Nagar, _bNew Delhi _e110008 |
||
| 300 |
_aviii,231p.: _c24cm (pbk) _e1 CD-ROM _bill. |
||
| 650 |
_aInventory Control _920286 |
||
| 650 |
_aMaterial Management _920287 |
||
| 942 |
_2ddc _cEN _mSHU _h658.7870285 |
||
| 999 |
_c36225 _d36225 |
||